000 00732nam a22002177a 4500
005 20100809111224.0
010 _aENG-98981
020 _c45.00
035 _aEN-82513
037 _bDBAD/PUB
082 _a808.9
100 _aAnnal, G.
_99415
245 _aA critical Study on harper lee's ''to killa mocking bird'' /
_cby G. Annal
260 _aVriddhachalam
_bAndrew Sam Publications
_c2008
270 _a17/F, Krishna Nagar, Betheale Street
_bVriddhachalam
_e606001
300 _a51 p.
_c21 cm. (Pbk)
700 _97380
700 _99334
942 _2ddc
_cEN
_mANN
_h808.9
999 _c40369
_d40369